مفهوم الإعجاز القرآنى : (Record no. 7259)
[ view plain ]
| 000 -الفاتح | |
|---|---|
| حقل البيانات ثابتة الطول | 00854nac a22001811u 4500 |
| 008 - عناصر البيانات ثابتة الطول - معلومات عامة | |
| حقل البيانات ثابتة الطول | 100929t1984 xxu||||| |||| 00| 0 ara d |
| 020 ## - الرقم الدولى المعيارى للكتب | |
| الرقم الدولى المعيارى للكتاب | 9770207225 |
| 082 ## - رقم تصنيف ديوى العشرى | |
| رقم التصنيف | 229.7 |
| رقم المادة | ع م ر |
| 100 1# - المدخل الرئيسى - إسم شخصى | |
| الإسم الشخصى | العمري ، أحمد جمال |
| 9 (RLIN) | 19962 |
| 245 ## - بيان العنوان | |
| العنوان | مفهوم الإعجاز القرآنى : |
| بقية العنوان | حتى القرن السادس الهجرى / |
| بيان المسئوليه,etc | تأليف أحمد جمال العمرى |
| 260 ## - PUBLICATION, DISTRIBUTION, ETC. (IMPRINT) | |
| مكان الناشر او الموزع | القاهرة : |
| اسم الناشر او الموزع | دار المعارف ,[1984] |
| تاريخ النشر أو التوزيع | [1984]. |
| 300 ## - الوصف المادى | |
| التعداد | 377 ص ؛ |
| أبعاد الوعاء | 24 سم. |
| 504 ## - تبصرة ببليوجرافية | |
| تبصرة ببليوجرافية,الخ | يحتوى على إرجاعات ببليوجرافية ص 356-365 |
| 511 ## - | |
| -- | Catalogued by: Sara |
| 650 ## - المدخل الاضافى بالموضوع-مصطلح موضوعى | |
| مصطلح موضوعي أو اسم جغرافي كعنصر مدخل | القرآن ، إعجاز |
| 9 (RLIN) | 8658 |
| 942 ## - عناصر المدخل الإضافي( كوها) | |
| Koha [default] item type | Book - Borrowing |
| سابقة رقم الطلب | 229.7 ع م ر |
| مصدر التصنيف او مخطط الترفيف | Dewey Decimal Classification |
| حالة التراجع | حالة الفقد | مصدر التصنيف او خطة الترفيف | حالة تلف | ليس للاعارة | مجموعات كوها | المكان الدائم | المكان الحالي | موقع الترفيف | تاريخ الاكتساب | Source of acquisition | رقم الاستدعاء | الباركود | Date last seen | نوع الوعاء |
|---|---|---|---|---|---|---|---|---|---|---|---|---|---|---|
| Dewey Decimal Classification | Alef-Baa | Central Library | Central Library | Lower Floor | 08/01/2017 | 229.7ع م ر | 000008842 | 15/07/2025 | Book - Borrowing |